000 00747nam a2200229 i 4500
001 129401
003 ES-MaACL
005 20250830103044.0
007 t|
008 070614s1982 sp ||||1| spa d
080 _a342.4(4)(094.4)
080 _a342.4(73)"1787"(094.4)
245 0 0 _aTextos constitucionales modernos /
_cJosé Luis Cascajo Castro, Manuel García Alvarez.
260 _a[León] :
_bCelarayn,
_c1982.
300 _a242 p. ;
_c21 cm.
610 1 7 _aEstados Unidos.
_tConstitution
_2
_9147980
650 1 4 _aConstituciones-
_zEuropa-
_vTextos.
_911294
700 1 _aCascajo Castro, José Luis.
_936265
700 1 _aGarcía Alvarez, Manuel.
_954154
852 _aES-MaACL
_jL-4657
_bR.105500
999 _c129401
_d129401